Through Paediatrics to Psycho-analysis : (Record no. 608877)

MARC details
000 -LEADER
fixed length control field 00485nam a2200181 a 4500
008 - FIXED-LENGTH DATA ELEMENTS--GENERAL INFORMATION
fixed length control field 260122s1992##################000#0#eng##
020 ## - INTERNATIONAL STANDARD BOOK NUMBER
ISBN 9780876307038
082 04 - DEWEY DECIMAL CLASSIFICATION NUMBER
Classification number 618.9289
Item number WIN
100 1# - MAIN ENTRY--AUTHOR NAME
Personal name Winnicott, Donald Woods,
245 10 - TITLE STATEMENT
Title Through Paediatrics to Psycho-analysis :
260 ## - PUBLICATION, DISTRIBUTION, ETC. (IMPRINT)
Name of publisher Routledge,
Year of publication 1992.
650 #0 - SUBJECT ADDED ENTRY--TOPICAL TERM
Topical Term Anxiety.
942 ## - ADDED ENTRY ELEMENTS (KOHA)
Koha item type English Books
Holdings
Withdrawn status Lost status Damaged status Not for loan Home library Current library Shelving location Date acquired Full call number Accession Number Price effective from Koha item type
        Anna Centenary Library Anna Centenary Library 5TH FLOOR, B WING 22.01.2026 618.9289 WIN 174083 22.01.2026 English Books

Find us on the map